000 00479nam a2200145Ia 4500
008 170221s9999 xx 000 0 und d
100 _aYong-Soo Cheon
245 4 _aThe Effects of Compliments on the Feelings of Job Attitudes of Hotel Employees
245 _cYong-Soo Cheon
260 _bInternational Review of Management and Marketing
260 _cJune 2012
300 _a4:1
650 _xMarketing.
856 _uhttp://www.econjournals.com/index.php/irmm/issue/view/82
999 _c310424
_d310424